The living landscape : an ecological approach to landscape planning / (Record no. 9614)
[ view plain ]
| 000 -LEADER | |
|---|---|
| fixed length control field | 01102nac a22002651u 4500 |
| 010 ## - LIBRARY OF CONGRESS CONTROL NUMBER | |
| LC control number | 90030908 |
| 020 ## - INTERNATIONAL STANDARD BOOK NUMBER | |
| International Standard Book Number | 0070611335 : |
| 082 00 - DEWEY DECIMAL CLASSIFICATION NUMBER | |
| Classification number | 333.73 |
| Item number | STE |
| 090 ## - LOCALLY ASSIGNED LC-TYPE CALL NUMBER (OCLC); LOCAL CALL NUMBER (OCLC) | |
| -- | 9614 |
| -- | 9614 |
| 100 ## - MAIN ENTRY--PERSONAL NAME | |
| Personal name | Steiner, Frederick R. |
| 245 14 - TITLE STATEMENT | |
| Title | The living landscape : an ecological approach to landscape planning / |
| Statement of responsibility, etc | Frederick Steiner. |
| 260 ## - PUBLICATION, DISTRIBUTION, ETC. (IMPRINT) | |
| Place of publication, distribution, etc | New York : |
| Name of publisher, distributor, etc | McGraw-Hill,1991. |
| Date of publication, distribution, etc | c1991. |
| 300 ## - PHYSICAL DESCRIPTION | |
| Extent | xii, 356 p. : |
| Other physical details | ill. ; map ; |
| Dimensions | 25 cm. |
| 500 ## - GENERAL NOTE | |
| General note | Distributer: Al-Ahram |
| 504 ## - BIBLIOGRAPHY, ETC. NOTE | |
| Bibliography, etc | Includes bibliographical references and index. |
| 511 ## - PARTICIPANT OR PERFORMER NOTE | |
| Participant or performer note | Catalogued by: Sara |
| 650 #0 - SUBJECT ADDED ENTRY--TOPICAL TERM | |
| Topical term or geographic name as entry element | Land use |
| General subdivision | Planning. |
| 650 #0 - SUBJECT ADDED ENTRY--TOPICAL TERM | |
| Topical term or geographic name as entry element | Land use |
| General subdivision | Environmental aspects. |
| 650 #0 - SUBJECT ADDED ENTRY--TOPICAL TERM | |
| Topical term or geographic name as entry element | Landscape architecture. |
| 650 #0 - SUBJECT ADDED ENTRY--TOPICAL TERM | |
| Topical term or geographic name as entry element | Landscape protection. |
| 856 42 - ELECTRONIC LOCATION AND ACCESS | |
| Materials specified | Contributor biographical information |
| Uniform Resource Identifier | <a href="http://www.loc.gov/catdir/enhancements/fy0602/90030908-b.html">http://www.loc.gov/catdir/enhancements/fy0602/90030908-b.html</a> |
| 856 42 - ELECTRONIC LOCATION AND ACCESS | |
| Materials specified | Publisher description |
| Uniform Resource Identifier | <a href="http://www.loc.gov/catdir/enhancements/fy0602/90030908-d.html">http://www.loc.gov/catdir/enhancements/fy0602/90030908-d.html</a> |
| 856 42 - ELECTRONIC LOCATION AND ACCESS | |
| Materials specified | Table of contents only |
| Uniform Resource Identifier | <a href="http://www.loc.gov/catdir/enhancements/fy0602/90030908-t.html">http://www.loc.gov/catdir/enhancements/fy0602/90030908-t.html</a> |
| 942 ## - ADDED ENTRY ELEMENTS (KOHA) | |
| Item type | Book - Borrowing |
| Call number prefix | 333.73STE |
| Withdrawn status | Item status | Damaged status | Not for loan | Home library | Current library | Shelving location | Date acquired | Source of acquisition | Total Checkouts | Full call number | Barcode | Date last seen | Koha item type |
|---|---|---|---|---|---|---|---|---|---|---|---|---|---|
| Central Library | Central Library | First floor | 25/05/2008 | Purchase | 333.73STE | 000011556 | 15/07/2025 | Book - Borrowing |